000 00329nam a2200133Ia 4500
008 230411s9999 xx 000 0 und d
041 _aeng
082 _aX/891/JOS/B00242
100 _aJoshi Suhas
_9176483
245 _aVyayam Kara Ajar Palva
260 _bPhadke
_aMumbai
_c1999
300 _a111p
999 _c151761
_d151761